Fake Russia

Titel: Fake Russia : investigations into Moscow’s imitations of greatness and power / Galyna Zelenko (ed.)
Verfasser:
Veröffentlicht: Hannover; Stuttgart : ibidem Verlag, [2025]
Umfang: 232 Seiten ; 21 cm
Format: Buch
Sprache: Englisch
Schriftenreihe/
mehrbändiges Werk:
Soviet and Post-Soviet Politics and Society (SPPS) ; Vol. 291
Schlagworte:
Andere Ausgaben: Erscheint auch als Online-Ausgabe
ISBN: 9783838219974 ; 383821997X ; 9783838279978
Buchumschlag
X
alg: 53695563
001A    $00026:21-11-25 
001B    $06000:19-02-26 $t19:45:50.000 
001D    $00026:22-12-25 
001U    $0utf8 
001X    $00 
002@    $0Aau 
002C    $aText $btxt $2rdacontent 
002D    $aohne Hilfsmittel zu benutzen $bn $2rdamedia 
002E    $aBand $bnc $2rdacarrier 
003@    $0536955638 
004A    $A978-3-8382-1997-4 $f: EUR 29.90 (DE), EUR 30.70 (AT) 
004A    $03-8382-1997-X 
004K    $09783838219974 
004O    $A978-3-8382-7997-8 $So $fE-Book 
006C    $01550474305 $aOCoLC 
006G    $01380698413 
006T    $025,N46 
006U    $026,A08 $f20251104 
007A    $01380698413 $aDNB 
009P    $qtext/html $A2 $3Inhaltstext $uhttps://deposit.dnb.de/cgi-bin/dokserv?id=03ac9ca8f5874ed4aee47cb8938c093a $mX:MVB 
009P    $qtext/html $A2 $3Inhaltstext $uhttps://www.ibidem.eu $mX:MVB 
009P    $qapplication/pdf $A2 $3Inhaltsverzeichnis $uhttps://d-nb.info/1380698413/04 $mB:DE-101 
010@    $aeng 
010E    $erda 
011@    $a2025 $n[2025] 
021A    $aFake Russia $dinvestigations into Moscow’s imitations of greatness and power $hGalyna Zelenko (ed.) 
028C    $BHerausgeber $#Зеленько, Галина Іванівна $#Zelenʹko, H. I. $#Zelenʹko, H. $#Zelenʹko, Halyna $#Zelenko, Halyna $#Zelenko, H. $#Zelenko, Galyna $#Zelenko, G. $#Zelenko, H. I. $#Zelenko, G. I. $#Зеленько, Галина $#Зеленько, Г. І. $4edt $4Verfasser $4aut $71079151176 $8Zelenʹko, Halyna Ivanivna$Z1971- [Tp1] $9366651218 
033A    $pHannover $pStuttgart $nibidem Verlag 
034D    $a232 Seiten 
034I    $a21 cm 
036E    $aSoviet and Post-Soviet Politics and Society (SPPS) $x1614-3515 $lVol. 291 
037A    $aLiteraturverzeichnis 
039D    $aErscheint auch als $z978-3-8382-7997-8 $nOnline-Ausgabe 
044K    $qDNB $RStaat $RStaatsform $RHerrschaftssystem $#Régimes politiques $#political systems $#Politisches System $#politisches System $#Politisches System $#Regierungssystem $#Regierungsform $#Regierungssystem $74046584-6 $8Politisches System [Ts1] $9085130036 
044K    $qDNB $RBeeinflussung $RIndoktrination $#Propaganda $#Propagande $#Propaganda $#Propaganda $#Propaganda $#Propaganda $#Propaganda $#Politische Propaganda $74076374-2 $8Propaganda [Ts1] $9085216534 
044K    $qDNB $RKolonialismus $RNeokolonialismus $RExpansionspolitik $#Imperialism $#Impérialisme $#Imperialismo $#Imperialismus $#Imperialismus $#Imperialismus $#Imperialistische Expansion $#Imperialistisches System $74026651-5 $8Imperialismus [Ts1] $9085066680 
044K    $qDNB $RAngriffskrieg $#Russo-Ukrainian War, 2014- $#Russian Invasion of Ukraine, 2022 $#Guerre du Donbass (Ukraine ; 2014-2022) $#Guerre russo-ukrainienne (2022-....) $#Guerra russo-ucraina <2022- > $#Guerra del Donbass <2014- > $#Ukraine-Krieg $#Ukrainekrieg $#Krieg in der Ukraine $#Russisch-ukrainischer Konflikt $#Ukrainekonflikt $#Ukraine-Konflikt $#Ukrainekrise $#Ukraine-Krise $#Russischer Überfall auf die Ukraine 2022 $#Krieg im Donbas $#Krieg in der Ost-Ukraine $#Krimkrise $7106969780X $8Russisch-Ukrainischer Krieg [Ts1] $9358075335 
044K    $qDNB $RRussische SFSR $#Russland $#Russland $#Russische Föderation $#Rußland (vor 1917) $#Россия $#Rußland $#Krievija $#Federazione Russa $#RF $#Großrussland $#Großrußland $#Russia -1917; 1992- $#Rossijskaja Imperija $#Russie $#Empire de Russie $#Russian Federation $#Federacja Rosyjska $#Rosja $#Rossija $#Rossijskaja Federacija $#Russische Föderation $#RF Rossija $#Russia $#Russland -1917 ; 1992- $#Russisches Reich $#РФ $#Российская Федерация $#Российская Империя $74076899-5 $8Russland [Tgz] $9085217913 
045E    $c320 

lok: 53695563 24

exp: 53695563 24 1 #EPN
201B/01 $031-03-26 $t10:13:57.000 
201C/01 $031-03-26 
201U/01 $0utf8 
203@/01 $01339222906 
208@/01 $a31-03-26 $ba 
209A/01 $azur Erwerbung bestellt $da $f050 $x00 
209B/01 $aKauf-RS-2026-03 $x05 
220C/01 $ados 
247C/01 $8358050-7 Marburg, Bibliothek des Herder-Instituts Marburg $9102600961 

lok: 53695563 204

exp: 53695563 204 1 #EPN
201B/01 $022-12-25 $t17:37:05.000 
201C/01 $021-11-25 
201U/01 $0utf8 
203@/01 $01324552557 
208@/01 $a21-11-25 $baUB 
209A/01 $a/ $da $f000 $x00 
209G/01 $a64998293 $x00 
245S/01 $a10200 $x01 
247C/01 $8631000-x <26>Gießen, Universität Gießen, Universitätsbibliothek Gießen $9102596697 
247D/01 $ain Bearbeitung
LEADER 00000cam a2200000 c 4500
001 536955638
003 DE-603
005 20260219194550.0
007 tu
008 251121s2025 xx |||| | u00||u|eng
015 |a 26,A08  |z 25,N46  |2 dnb 
016 7 |2 DE-101  |a 1380698413 
020 |a 9783838219974  |c : EUR 29.90 (DE), EUR 30.70 (AT) 
020 |a 383821997X 
024 3 |a 9783838219974 
035 |a (DE-599)DNB1380698413 
040 |a DE-603  |b ger  |c DE-603  |d DE-603  |e rda 
041 |a eng 
084 |a 320  |q DE-101  |2 sdnb 
245 0 0 |a Fake Russia  |b investigations into Moscow’s imitations of greatness and power  |c Galyna Zelenko (ed.) 
264 1 |a Hannover  |a Stuttgart  |b ibidem Verlag  |c [2025] 
300 |a 232 Seiten  |c 21 cm 
336 |a Text  |b txt  |2 rdacontent 
337 |a ohne Hilfsmittel zu benutzen  |b n  |2 rdamedia 
338 |a Band  |b nc  |2 rdacarrier 
490 0 |a Soviet and Post-Soviet Politics and Society (SPPS)  |x 1614-3515  |v Vol. 291 
500 |a Literaturverzeichnis 
650 7 |a Politisches System  |0 (DE-588)4046584-6  |0 (DE-603)085130036  |2 gnd 
650 7 |a Propaganda  |0 (DE-588)4076374-2  |0 (DE-603)085216534  |2 gnd 
650 7 |a Imperialismus  |0 (DE-588)4026651-5  |0 (DE-603)085066680  |2 gnd 
650 7 |a Russisch-Ukrainischer Krieg  |0 (DE-588)106969780X  |0 (DE-603)358075335  |2 gnd 
651 7 |a Russland  |0 (DE-588)4076899-5  |0 (DE-603)085217913  |2 gnd 
700 1 |a Zelenʹko, Halyna Ivanivna  |d 1971-  |e Herausgeber  |4 edt  |e Verfasser  |4 aut  |0 (DE-603)366651218  |0 (DE-588)1079151176  |2 gnd 
776 0 8 |i Erscheint auch als  |n Online-Ausgabe  |z 9783838279978 
776 1 |z 9783838279978 
856 4 2 |m X:MVB  |q text/html  |u https://deposit.dnb.de/cgi-bin/dokserv?id=03ac9ca8f5874ed4aee47cb8938c093a  |3 Inhaltstext 
856 4 2 |m X:MVB  |q text/html  |u https://www.ibidem.eu  |3 Inhaltstext 
856 4 2 |m B:DE-101  |q application/pdf  |u https://d-nb.info/1380698413/04  |3 Inhaltsverzeichnis 
924 0 |9 Mb 50  |a (DE-603)1339222906  |b DE-Mb50  |c HES  |d d  |g zur Erwerbung bestellt 
924 0 |9 26  |a (DE-603)1324552557  |b DE-26  |c HES  |d d  |g /